| 000 | 00684nam a2200241Ia 4500 | ||
|---|---|---|---|
| 999 |
_c4231 _d4231 |
||
| 001 | 12594 | ||
| 003 | GBCCL | ||
| 005 | 20241126110514.0 | ||
| 008 | 821029s1982 nbu 00010 eng d | ||
| 020 | _a0847411907 | ||
| 035 | _aOCM08905836 | ||
| 040 |
_aBSC _cBSC _dLBB |
||
| 049 | _aLBBK | ||
| 082 |
_a227.707 _bEPP |
||
| 090 |
_aBS2715.5 _b.E66 |
||
| 092 |
_a227.707 _bE64 |
||
| 100 | 1 | 0 |
_aEpp, Theodore H., _d1907- _9405 |
| 245 | 1 | 4 |
_aThe all-sufficient Christ : _bstudies in Colossians / _cby Theodore H. Epp. |
| 260 | 0 |
_aLincoln, Neb. : _bBack to the Bible, _cc1982. |
|
| 300 |
_a179 p. ; _c22 cm. |
||
| 630 | 0 | 0 |
_aBible. _pN.T. _pColossians _xCommentaries. _93479 |
| 942 |
_2ddc _cBK _03 |
||